| 000 | 00349nam a2200145Ia 4500 | ||
|---|---|---|---|
| 008 | 150201s2010 xx 000 0 und d | ||
| 082 |
_a611 _bA10D |
||
| 100 | _aDRAKE, R.L. | ||
| 245 | _aGRAY,S ANATOMY FOR STUDENTS | ||
| 250 | _a2ND | ||
| 260 |
_bCHURCHILL _aPHILADELPHIA _c2010 |
||
| 300 | _a1-1079 | ||
| 650 | _aHUMAN ANATOMY | ||
| 942 |
_2ddc _cBK _034 |
||
| 999 |
_c255 _d255 |
||